header

Tramps like us (Record no. 164452)

MARC details
000 -LEADER
fixed length control field 01249nam a2200325Ia 4500
082 04 - DEWEY DECIMAL CLASSIFICATION NUMBER
Classification number 782.42166/092
100 1# - MAIN ENTRY--AUTHOR NAME
Personal name Cavicchi, Daniel.
245 10 - TITLE STATEMENT
Title Tramps like us
260 ## - PUBLICATION, DISTRIBUTION, ETC. (IMPRINT)
Place of publication New York :
Name of publisher Oxford University Press,
Year of publication 1998.
300 ## - PHYSICAL DESCRIPTION
Number of Pages xiii, 222 p.
650 #0 - SUBJECT ADDED ENTRY--TOPICAL TERM
Topical Term Rock music fans.
856 40 - ELECTRONIC LOCATION AND ACCESS
Uniform Resource Identifier http://site.ebrary.com/lib/rucke/Doc?id=10085420

No items available.

© 2026 Rongo University
Contact us: librarian | system librarian | Rongo university